Music Quiz

Random Music or Song Quiz

Rock song by lyrics Quiz Stats

 Plays Quiz not verified by Sporcle

Challenge
Share
Tweet
Embed
Score 0/7 Timer 10:00
0 Plays Today
Lyrics Song % Correct
She's got eyes of the bluest skies As if they thought of rain I'd hate to look into those eyes and see an ounce of painSweet Child O Mine
97.6%
With a few red lights and a few old beds We make a place to sweat No matter what we get out of this I know, I know we'll never forgeSmoke On The Water
69%
Paint your smile on your lips Blood red nails on your fingertips A school boy's dream, you act so shy Your very first kiss was your first kiss goodbyeYou Give Love A Bad Name
69%
was caught In the middle of a railroad track I looked 'round, And I knew there was no turning backThunderstruck
54.8%
Oh, a storm is threat'ning My very life today If I don't get some shelter Oh yeah, I'm gonna fade away Gimmie Shelter
35.7%
Seems like i've known her a thousand Years We'we been together all through our Lives she knows the way love should be A fire burnin endlesslyTen Thousand Lovers In One
4.8%
Have you heard what they said on the news today Have you heard what is coming to us all? That the world as we know it will be coming to an end Have you heard, have you heard?When The Wild Wind Blows
2.4%

You're not logged in!

Compare scores with friends on all Sporcle quizzes.
Join for Free
OR
Log In

You Might Also Like...

Show Comments

Extras

Created Dec 26, 2010ReportNominate
Tags:Artist Quiz, Rock Quiz, Song Quiz

Top Quizzes Today


Score Distribution

Your Account Isn't Verified!

In order to create a playlist on Sporcle, you need to verify the email address you used during registration. Go to your Sporcle Settings to finish the process.

Report this User

Report this user for behavior that violates our Community Guidelines.

Details: